| 000 | 00487nam a2200181Ia 4500 | ||
|---|---|---|---|
| 001 | 3979 | ||
| 005 | 20260306145722.0 | ||
| 008 | 260306t2008||||xx |||||||||||||| ||spa|| | ||
| 041 | _aESP | ||
| 082 |
_a306.0898 _bE92 |
||
| 100 |
_aEstenós Loayza, Alejandro _eAUT |
||
| 245 | 0 |
_aIdentidad, cultura y desarrollo en América Latina: _bprincipales líneas de reflexión en la actualidad |
|
| 260 | _c2008 | ||
| 300 |
_a _c |
||
| 650 | _aGEN | ||
| 654 | _aCHU | ||
| 942 |
_cLIB _dJUS _fJUS _2ddc _n |
||
| 999 |
_c3979 _d3979 |
||